[Event "2.BLO 1617 Bad Mergentheim - SK Gögging"]
[Site "?"]
[Date "2016.10.16"]
[Round "2.5"]
[White "Pitl, Gregory"]
[Black "Rakotomaharo, Fy Antenaina"]
[Result "1/2-1/2"]
[WhiteElo "2397"]
[BlackElo "2434"]
[PlyCount "114"]
[EventDate "2016.??.??"]

1. e4 e5 2. Nf3 Nc6 3. d4 exd4 4. Nxd4 Bc5 5. Nxc6 bxc6 6. Bd3 Qh4 7. Qe2 Nf6
8. Be3 Bb6 9. Nd2 O-O 10. h3 d5 11. g3 Qh5 12. Qxh5 Nxh5 13. Bxb6 axb6 14. a3
f5 15. exf5 Bxf5 16. Bxf5 Rxf5 17. O-O Rf7 18. Rae1 g6 19. Kg2 Ng7 20. Nf3 Rd7
21. Re2 c5 22. Rfe1 Rad8 23. g4 Rf8 24. Re7 Rf7 25. R7e2 Rd8 26. Ng5 Rfd7 27.
Nf3 c4 28. Nd4 Kf8 29. Nc6 Re8 30. Ne5 Rd6 31. f4 b5 32. Kf3 Kg8 33. g5 Ne6 34.
Kg4 Nd4 35. Rd2 Nf5 36. Kf3 Kg7 37. Red1 c6 38. a4 bxa4 39. Nxc4 Rde6 40. Ne5
Rb8 41. Ra1 Rb4 42. Ra3 h6 43. gxh6+ Kxh6 44. c4 dxc4 45. Rd7 Re7 46. Nxc6 Rxd7
47. Nxb4 Rd2 48. Rxa4 Rxb2 49. Nd5 Rb3+ 50. Ke4 Rxh3 51. Ke5 Ne3 52. Nxe3 Rxe3+
53. Kd4 Rf3 54. Ke4 Rc3 55. Kd4 Rd3+ 56. Ke4 Rc3 57. Kd4 Rd3+ 1/2-1/2

[Event "2.BLO 1617 Bad Mergentheim - SK Gögging"]
[Site "?"]
[Date "2016.10.16"]
[Round "2.6"]
[White "Panzalovic, Srdjan"]
[Black "Stankovic, Milos"]
[Result "0-1"]
[WhiteElo "2433"]
[BlackElo "2401"]
[PlyCount "56"]
[EventDate "2016.??.??"]

1. Nf3 Nf6 2. c4 g6 3. Nc3 d5 4. cxd5 Nxd5 5. h4 h6 6. e4 Nxc3 7. dxc3 Qxd1+ 8.
Kxd1 f6 9. e5 Bg4 10. exf6 exf6 11. Bf4 Nc6 12. Bxc7 Rh7 13. Bf4 O-O-O+ 14. Kc2
Bf5+ 15. Kc1 Bc5 16. Bg3 Re7 17. b4 Bb6 18. Bb5 a6 19. Ba4 Rd3 20. Rd1 Rxc3+
21. Kb2 Rc4 22. Bb3 Re2+ 23. Ka3 Rxb4 24. Rd5 Be4 25. Rd6 Bxf3 26. Rxc6+ Bxc6
27. Kxb4 Bxf2 28. Bc4 Rb2+ 0-1

[Event "2.BLO 1617 Bad Mergentheim - SK Gögging"]
[Site "?"]
[Date "2016.10.16"]
[Round "2.7"]
[White "Schmittdiel, Eckhard"]
[Black "Raps, Johannes"]
[Result "1-0"]
[WhiteElo "2444"]
[BlackElo "2182"]
[PlyCount "65"]
[EventDate "2016.??.??"]

1. Nf3 d5 2. c4 c6 3. b3 Nf6 4. Bb2 Bf5 5. Nh4 Bg6 6. Nxg6 hxg6 7. g3 e6 8. Bg2
Bd6 9. e3 Nbd7 10. Nc3 dxc4 11. bxc4 Ne5 12. Qe2 Bb4 13. d4 Qa5 14. Rc1 Neg4
15. h3 Nh6 16. g4 Rd8 17. O-O Nhxg4 18. hxg4 Qg5 19. f3 Ke7 20. Rfd1 Rh7 21.
Qf2 Rdh8 22. Nb1 Rh2 23. Rd3 Bd6 24. Ba3 Bxa3 25. Rxa3 Qh6 26. Qb2 Rh1+ 27. Kf2
Qh4+ 28. Ke2 Nxg4 29. Qxb7+ Kf6 30. Rxh1 Qf2+ 31. Kd3 Qxe3+ 32. Kc2 Qe2+ 33.
Nd2 1-0

[Event "2.BLO 1617 Bad Mergentheim - SK Gögging"]
[Site "?"]
[Date "2016.10.16"]
[Round "2.8"]
[White "Gross, Willi"]
[Black "Kukov, Velislav"]
[Result "1/2-1/2"]
[WhiteElo "2138"]
[BlackElo "2358"]
[PlyCount "67"]
[EventDate "2016.??.??"]

1. d4 Nf6 2. Nf3 e6 3. e3 c5 4. Bd3 b6 5. O-O Be7 6. b3 O-O 7. Bb2 Ba6 8. Qe2
Bxd3 9. Qxd3 Nc6 10. c4 cxd4 11. Nxd4 Nxd4 12. Qxd4 d5 13. Nc3 dxc4 14. Qxc4
Qd2 15. Qe2 Qxe2 16. Nxe2 Rfd8 17. Rfd1 Rac8 18. Rxd8+ Rxd8 19. Nd4 Bc5 20. Nc6
Rd2 21. Bxf6 gxf6 22. Nxa7 f5 23. g3 e5 24. Nc6 f4 25. Nxe5 fxe3 26. fxe3 Bxe3+
27. Kh1 Bd4 28. Nf3 Rxh2+ 29. Kxh2 Bxa1 30. a4 Kf8 31. Nd2 Ke7 32. Ne4 Bd4 33.
b4 Ke6 34. a5 {(=)} 1/2-1/2

[Event "2.BLO 1617 SC Erlangen - Erfurter SK"]
[Site "?"]
[Date "2016.10.16"]
[Round "2.1"]
[White "Mihok, Oliver"]
[Black "Wenninger, Philipp"]
[Result "1-0"]
[WhiteElo "2498"]
[BlackElo "2360"]
[PlyCount "143"]
[EventDate "2016.??.??"]

1. e4 c6 2. d4 d5 3. Nd2 dxe4 4. Nxe4 Bf5 5. Ng3 Bg6 6. Bc4 e6 7. N1e2 Nf6 8.
O-O Nbd7 9. f4 Nb6 10. Bd3 Bxd3 11. Qxd3 g6 12. b3 Nbd5 13. c4 Ne7 14. Bb2 Bg7
15. Rad1 O-O 16. Kh1 Qa5 17. Bc3 Qb6 18. Ne4 Nxe4 19. Qxe4 Rad8 20. Ng1 Nf5 21.
Nf3 Qa6 22. Bb4 Rfe8 23. Rd2 b5 24. Rc1 bxc4 25. bxc4 Qa4 26. Bc5 Nd6 27. Qc2
Qxc2 28. Rdxc2 Rd7 29. Ne5 Bxe5 30. dxe5 Ne4 31. Bg1 f5 32. exf6 Kf7 33. Re1
Nxf6 34. g3 Rb8 35. Bc5 Ne8 36. Kg2 Rbb7 37. Re3 Kf6 38. Ra3 Ng7 39. Ra6 Rbc7
40. Ra5 Nf5 41. g4 Ng7 42. Rc3 Rb7 43. Kg3 h6 44. Rca3 g5 45. fxg5+ Kxg5 46.
Rxa7 Rxa7 47. Bxa7 h5 48. Be3+ Kg6 49. h3 hxg4 50. hxg4 Kf6 51. Kf3 Ne8 52. Ra6
Rc7 53. Bc5 Kg5 54. a4 Nf6 55. Be3+ Kg6 56. a5 Nd7 57. Bf4 Rc8 58. Ra7 Nc5 59.
Bd6 Nd3 60. Ke3 Nb2 61. Kd4 c5+ 62. Bxc5 e5+ 63. Kd5 Rd8+ 64. Kc6 Nxc4 65. a6
Nd2 66. Rd7 Rc8+ 67. Rc7 Rd8 68. a7 Nb3 69. Bb6 Nd4+ 70. Bxd4 exd4 71. Rd7 Ra8
72. Kb7 1-0

[Event "2.BLO 1617 SC Erlangen - Erfurter SK"]
[Site "?"]
[Date "2016.10.16"]
[Round "2.2"]
[White "Hilverda, Alexander"]
[Black "Braeuer, Franz"]
[Result "1/2-1/2"]
[WhiteElo "2392"]
[BlackElo "2414"]
[PlyCount "101"]
[EventDate "2016.??.??"]

1. d4 Nf6 2. c4 e6 3. g3 Bb4+ 4. Bd2 Be7 5. Bg2 d5 6. Qc2 O-O 7. Nf3 c6 8. O-O
Nbd7 9. Bf4 a5 10. Rd1 Nh5 11. Bc1 f5 12. b3 a4 13. Ba3 Bxa3 14. Nxa3 Qe7 15.
Qb2 Nhf6 16. Nc2 Ne4 17. Nce1 b6 18. Nd3 axb3 19. axb3 Bb7 20. cxd5 cxd5 21. b4
Nd6 22. b5 Nc4 23. Qb3 Ra3 24. Rxa3 Qxa3 25. Qxa3 Nxa3 26. e3 Nxb5 27. Rb1 Na3
28. Rb3 Nc4 29. Nde5 Rd8 30. Nxd7 Rxd7 31. Ne5 Rc7 32. Nxc4 dxc4 33. Rxb6 Bd5
34. Bxd5 exd5 35. f3 Kf7 36. Kf2 Ke7 37. e4 fxe4 38. fxe4 dxe4 39. Ke3 c3 40.
Rb1 c2 41. Rc1 Ke6 42. Kxe4 Rc4 43. Kd3 Kd5 44. Rxc2 Rxc2 45. Kxc2 Kxd4 46. Kd2
Ke4 47. Ke2 g5 48. h3 h5 49. Kf2 Kd4 50. Ke2 Ke4 51. Kf2 {(=)} 1/2-1/2

[Event "2.BLO 1617 SC Erlangen - Erfurter SK"]
[Site "?"]
[Date "2016.10.16"]
[Round "2.3"]
[White "Votava, Jan"]
[Black "Klek, Hanna Marie"]
[Result "1/2-1/2"]
[WhiteElo "2522"]
[BlackElo "2326"]
[PlyCount "103"]
[EventDate "2016.??.??"]

1. d4 Nf6 2. c4 e6 3. Nf3 d5 4. Nc3 Be7 5. Bf4 O-O 6. e3 c5 7. dxc5 Bxc5 8. Be2
Nc6 9. O-O dxc4 10. Bxc4 b6 11. Qe2 h6 12. Ne5 Nxe5 13. Bxe5 Nd7 14. Rfd1 Qe7
15. Bg3 Bb7 16. Na4 Rfe8 17. Ba6 Bxa6 18. Qxa6 Nf6 19. Rac1 Red8 20. Rxd8+ Rxd8
21. Nxc5 bxc5 22. Qc4 Rd2 23. Be5 Qd8 24. h3 Rd1+ 25. Rxd1 Qxd1+ 26. Kh2 Nd7
27. Bc3 Qd6+ 28. g3 f6 29. e4 Kh7 30. Qe2 e5 31. b3 Nf8 32. Qc4 Ne6 33. Qd5 Qb6
34. Kg2 Nd4 35. Qc4 Qc6 36. f3 Qd6 37. Be1 Qb6 38. h4 Qd6 39. Bf2 Qb6 40. Be1
Qd6 41. h5 Qb6 42. Bd2 Ne6 43. Kh3 Qd6 44. Be3 Qd7 45. Kg2 Qd6 46. Qb5 Qe7 47.
Qc6 Nd4 48. Qc8 Ne6 49. Qc6 Nd4 50. Qd5 Qc7 51. Bd2 Qe7 52. Be3 1/2-1/2

[Event "2.BLO 1617 SC Erlangen - Erfurter SK"]
[Site "?"]
[Date "2016.10.16"]
[Round "2.4"]
[White "Miller, Eduard"]
[Black "Haba, Petr"]
[Result "1/2-1/2"]
[WhiteElo "2298"]
[BlackElo "2476"]
[PlyCount "67"]
[EventDate "2016.??.??"]

1. e4 c5 2. Nf3 e6 3. d3 d5 4. Nbd2 Nc6 5. g3 Bd6 6. Bg2 Nge7 7. O-O O-O 8. Re1
Qc7 9. c3 Bd7 10. a3 a5 11. d4 cxd4 12. cxd4 dxe4 13. Nxe4 Nd5 14. Nxd6 Qxd6
15. Ne5 Nce7 16. Bg5 f6 17. Nxd7 Qxd7 18. Be3 Rac8 19. Qd3 b6 20. Rac1 Rxc1 21.
Rxc1 Nxe3 22. fxe3 Rc8 23. Rc3 Nd5 24. Rxc8+ Qxc8 25. Qd2 Kf7 26. e4 Ne7 27.
Bf3 Qc6 28. Kg2 Qd6 29. Qc3 e5 30. Qc4+ Kf8 31. d5 g6 32. b4 axb4 33. axb4 f5
34. Kf2 {(=)} 1/2-1/2

[Event "2.BLO 1617 SC Erlangen - Erfurter SK"]
[Site "?"]
[Date "2016.10.16"]
[Round "2.5"]
[White "Enders, Peter"]
[Black "Merkert, Maximilian"]
[Result "1-0"]
[WhiteElo "2445"]
[BlackElo "2229"]
[PlyCount "147"]
[EventDate "2016.??.??"]

1. b3 Nf6 2. Bb2 g6 3. g3 Bg7 4. Bg2 d6 5. d4 O-O 6. Nf3 Nbd7 7. O-O Re8 8. c4
e5 9. dxe5 Ng4 10. Nc3 Ngxe5 11. Nxe5 Nxe5 12. Qd2 Rb8 13. Rad1 Be6 14. Ba1 a6
15. Qf4 Qf6 16. Qxf6 Bxf6 17. c5 dxc5 18. Ne4 Bg7 19. Nxc5 Bc8 20. Rd2 b6 21.
Na4 Be6 22. Rfd1 Ng4 23. Bxg7 Kxg7 24. h3 Nf6 25. e4 Re7 26. f4 h5 27. Nc3 Kf8
28. e5 Ne8 29. Ne4 Kg7 30. Ng5 Bf5 31. Bf1 b5 32. Bd3 Bc8 33. Bb1 Rb6 34. Rd8
Be6 35. Kf2 f6 36. exf6+ Kxf6 37. Re1 Bd7 38. Rxd7 Rxd7 39. Rxe8 Rc6 40. Be4
Rcd6 41. Kf3 Rd8 42. Re5 R8d7 43. Rc5 Re7 44. h4 Kg7 45. Ke3 Rd1 46. Rc6 Rd6
47. Rxd6 cxd6 48. Kd4 Kf6 49. Kd5 Re8 50. Kxd6 Rd8+ 51. Kc5 Rd2 52. a4 bxa4 53.
bxa4 Rb2 54. Nf3 Rg2 55. Ne5 Rxg3 56. Bxg6 Ra3 57. Kb4 Rh3 58. Bxh5 Rxh4 59.
Bg4 Rh1 60. Bc8 Rf1 61. Nd3 Ke7 62. Bxa6 Kd6 63. Bc4 Rb1+ 64. Bb3 Kc6 65. a5
Rg1 66. Bc4 Rb1+ 67. Kc3 Rd1 68. f5 Ra1 69. a6 Kb6 70. f6 Rf1 71. f7 Rxf7 72.
Bxf7 Kxa6 73. Kb4 Kb6 74. Ne5 1-0

[Event "2.BLO 1617 SC Erlangen - Erfurter SK"]
[Site "?"]
[Date "2016.10.16"]
[Round "2.6"]
[White "Liepold, Stefan"]
[Black "Machelett, Heiko"]
[Result "1-0"]
[WhiteElo "2188"]
[BlackElo "2409"]
[PlyCount "64"]
[EventDate "2016.??.??"]

1. e4 e6 2. d4 d5 3. Nc3 Be7 4. Bd3 Nc6 5. Nf3 Nb4 6. Bb5+ c6 7. Be2 Nf6 8. e5
Ne4 9. a3 Nxc3 10. bxc3 Na6 11. O-O O-O 12. a4 b6 13. Ne1 Nc7 14. f4 c5 15. Nd3
Qe8 16. Be3 Qc6 17. Qd2 Ba6 18. Rf3 f5 19. exf6 Bxf6 20. dxc5 bxc5 21. Ne5 Bxe5
22. fxe5 Bxe2 23. Qxe2 Rxf3 24. Qxf3 Rf8 25. Qg4 Rf5 26. Rb1 Rf8 27. h4 Kh8 28.
h5 d4 29. h6 g6 30. Bg5 Kg8 31. Be7 Re8 32. Bd6 Nb5 1-0

[Event "2.BLO 1617 SC Erlangen - Erfurter SK"]
[Site "?"]
[Date "2016.10.16"]
[Round "2.7"]
[White "Casper, Thomas"]
[Black "Walter, Thomas"]
[Result "1/2-1/2"]
[WhiteElo "2381"]
[BlackElo "2128"]
[PlyCount "72"]
[EventDate "2016.??.??"]

1. e4 e6 2. d4 d5 3. exd5 exd5 4. Nf3 Bd6 5. c4 Nf6 6. Nc3 O-O 7. cxd5 Bb4 8.
Be2 Nxd5 9. Bd2 Nc6 10. O-O Be7 11. Bb5 Bg4 12. Bxc6 bxc6 13. h3 Bh5 14. Ne4
Rb8 15. b3 Ba3 16. Bc1 Bb4 17. Bb2 Re8 18. Ng3 Bg6 19. Rc1 Nf4 20. Ne5 Qd5 21.
f3 Rb6 22. Nxg6 hxg6 23. Rc2 Rbb8 24. Ne2 Qg5 25. Nxf4 Qxf4 26. Bc1 Qg3 27. f4
Re4 28. Qf3 Qxf3 29. Rxf3 Rxd4 30. Rxc6 Bd6 31. Be3 Rd1+ 32. Rf1 Rxf1+ 33. Kxf1
a5 34. Rc4 Rb5 35. Ke2 f6 36. Bd2 Kf7 {(=)} 1/2-1/2

[Event "2.BLO 1617 SC Erlangen - Erfurter SK"]
[Site "?"]
[Date "2016.10.16"]
[Round "2.8"]
[White "Boettger, Lukas"]
[Black "Heinzel, Olaf"]
[Result "1/2-1/2"]
[WhiteElo "2244"]
[BlackElo "2358"]
[PlyCount "92"]
[EventDate "2016.??.??"]

1. e4 d5 2. exd5 Qxd5 3. Nc3 Qa5 4. d4 c6 5. Nf3 Nf6 6. Bf4 Bg4 7. h3 Bxf3 8.
Qxf3 e6 9. Bc4 Nd5 10. Bd2 Nxc3 11. Qxc3 Qxc3 12. Bxc3 Be7 13. O-O-O Nd7 14.
Be2 Nf6 15. Be1 b5 16. h4 Nd5 17. g3 h5 18. Bf3 g6 19. c3 Rc8 20. Kc2 Bf6 21.
a4 a6 22. Bd2 Kd7 23. Ra1 Ra8 24. Kd3 Rhb8 25. axb5 axb5 26. Rhb1 Nb6 27. Be1
Rxa1 28. Rxa1 Ra8 29. Rxa8 Nxa8 30. Be2 Nb6 31. f3 Nd5 32. b3 Bd8 33. c4 bxc4+
34. bxc4 Nf6 35. Ke3 Bc7 36. Bd3 e5 37. dxe5 Bxe5 38. Be2 Bd6 39. Bd3 Ng8 40.
g4 Ke6 41. Be4 Ne7 42. gxh5 gxh5 43. f4 Nf5+ 44. Kf3 Nd4+ 45. Ke3 Nf5+ 46. Kf3
Nd4+ 1/2-1/2

[Event "2.BLO 1617 SC Forchheim - SK König Plau"]
[Site "?"]
[Date "2016.10.16"]
[Round "2.1"]
[White "Mastrovasilis, Dimitrios"]
[Black "Jirovsky, Milos"]
[Result "1/2-1/2"]
[WhiteElo "2590"]
[BlackElo "2439"]
[PlyCount "46"]
[EventDate "2016.??.??"]

1. e4 c5 2. Nf3 Nc6 3. d4 cxd4 4. Nxd4 g6 5. c4 Nf6 6. Nc3 Nxd4 7. Qxd4 d6 8.
Be2 Bg7 9. Bg5 O-O 10. Qd2 Be6 11. Rc1 Qa5 12. f3 Rfc8 13. b3 a6 14. Na4 Qxd2+
15. Kxd2 Nd7 16. g4 f6 17. Be3 f5 18. exf5 gxf5 19. h3 fxg4 20. hxg4 d5 21. c5
Bf7 22. f4 Be6 23. Bd3 h6 1/2-1/2

[Event "2.BLO 1617 SC Forchheim - SK König Plau"]
[Site "?"]
[Date "2016.10.16"]
[Round "2.2"]
[White "Jansa, Vlastimil"]
[Black "Plat, Vojtech"]
[Result "1/2-1/2"]
[WhiteElo "2409"]
[BlackElo "2532"]
[PlyCount "31"]
[EventDate "2016.??.??"]

1. e4 c5 2. Nf3 Nc6 3. Bb5 g6 4. O-O Bg7 5. c3 Nf6 6. Re1 O-O 7. h3 e5 8. d3 d6
9. a4 a6 10. Bxc6 bxc6 11. a5 Nd7 12. Qa4 Qc7 13. Nbd2 d5 14. b4 f5 15. Ba3 c4
16. exd5 1/2-1/2

[Event "2.BLO 1617 SC Forchheim - SK König Plau"]
[Site "?"]
[Date "2016.10.16"]
[Round "2.3"]
[White "Zawadzka, Jolanta"]
[Black "Rupprecht, Andreas"]
[Result "1/2-1/2"]
[WhiteElo "2431"]
[BlackElo "2422"]
[PlyCount "79"]
[EventDate "2016.??.??"]

1. e4 c5 2. Nf3 g6 3. d4 cxd4 4. Nxd4 Nc6 5. c4 Nf6 6. Nc3 d6 7. Be2 Nxd4 8.
Qxd4 Bg7 9. O-O O-O 10. Qd3 Bg4 11. f3 Be6 12. b3 Nd7 13. Be3 f5 14. exf5 Bxf5
15. Qd2 Nf6 16. Rac1 Qa5 17. Rfe1 Rfe8 18. Bf1 a6 19. Qf2 Rac8 20. g4 Bd7 21.
Bg2 Nxg4 22. fxg4 Bxc3 23. Rxc3 Qxc3 24. Bd4 Qa5 25. Bxb7 Qg5 26. h3 Rb8 27.
Bd5+ e6 28. Bf6 Qh6 29. Bg2 g5 30. Bc3 Rbc8 31. Qb6 e5 32. Bxe5 Qh4 33. Rf1
Rxe5 34. Qxd6 Qg3 35. Qxd7 Rf8 36. Rxf8+ Kxf8 37. Qd6+ Kf7 38. Qc7+ Kf8 39.
Qd6+ Kf7 40. Qc7+ 1/2-1/2

[Event "2.BLO 1617 SC Forchheim - SK König Plau"]
[Site "?"]
[Date "2016.10.16"]
[Round "2.4"]
[White "Ott, Florian"]
[Black "Kunze, Carlo"]
[Result "1-0"]
[WhiteElo "2299"]
[BlackElo "2284"]
[PlyCount "69"]
[EventDate "2016.??.??"]

1. d4 Nf6 2. c4 c5 3. d5 e6 4. Nc3 exd5 5. cxd5 d6 6. e4 g6 7. f4 Bg7 8. Bb5+
Nfd7 9. Nf3 O-O 10. O-O Na6 11. Kh1 Nc7 12. Bd3 Re8 13. a4 b6 14. Ra2 Na6 15.
Bb1 Nb4 16. Ra3 Nf6 17. h3 Rb8 18. f5 Ba6 19. fxg6 hxg6 20. Nb5 Nxe4 21. Bxe4
Rxe4 22. Ng5 Re7 23. Qg4 Nxd5 24. Qh4 Nf6 25. Raf3 Bb7 26. Rxf6 Bxf6 27. Qh7+
Kf8 28. Bf4 Bd5 29. Bxd6 Ke8 30. Bxb8 Bxg2+ 31. Kxg2 Qd2+ 32. Rf2 Qxg5+ 33. Bg3
Qd5+ 34. Kh2 Re1 35. Nc7+ 1-0

[Event "2.BLO 1617 SC Forchheim - SK König Plau"]
[Site "?"]
[Date "2016.10.16"]
[Round "2.5"]
[White "Kuraszkiewicz, Michael"]
[Black "Heidrich, Manfred"]
[Result "1/2-1/2"]
[WhiteElo "2296"]
[BlackElo "2362"]
[PlyCount "25"]
[EventDate "2016.??.??"]

1. d4 f5 2. g3 Nf6 3. Bg2 g6 4. Nh3 d6 5. c3 c6 6. Nd2 Bg7 7. O-O O-O 8. Qb3+
Kh8 9. Nf4 Qe8 10. Ne6 Bxe6 11. Qxe6 d5 12. b3 Qd7 13. Qxd7 {(=)} 1/2-1/2

[Event "2.BLO 1617 SC Forchheim - SK König Plau"]
[Site "?"]
[Date "2016.10.16"]
[Round "2.6"]
[White "Doeres, Hans-Juergen"]
[Black "Schaller, Sven"]
[Result "1/2-1/2"]
[WhiteElo "2207"]
[BlackElo "2282"]
[PlyCount "31"]
[EventDate "2016.??.??"]

1. c4 e5 2. g3 Nf6 3. Bg2 d5 4. cxd5 Nxd5 5. Nc3 Be6 6. Nf3 Nc6 7. O-O Be7 8.
d4 exd4 9. Nxd4 Nxd4 10. Qxd4 Nxc3 11. Qxc3 O-O 12. Bxb7 Rb8 13. Bg2 Bf6 14.
Qc2 Rb6 15. Rb1 Bxa2 16. Ra1 1/2-1/2

[Event "2.BLO 1617 SC Forchheim - SK König Plau"]
[Site "?"]
[Date "2016.10.16"]
[Round "2.7"]
[White "Sandner, Gunter"]
[Black "Schulz, Lukas"]
[Result "1-0"]
[WhiteElo "2274"]
[BlackElo "2138"]
[PlyCount "87"]
[EventDate "2016.??.??"]

1. d4 Nf6 2. Nf3 g6 3. g3 Bg7 4. Bg2 O-O 5. O-O d6 6. c4 Nc6 7. Nc3 Nd7 8. b3
e5 9. dxe5 Ndxe5 10. Nxe5 Nxe5 11. Bb2 Rb8 12. Qd2 b6 13. Rad1 h5 14. Nd5 Bb7
15. h3 Bxd5 16. cxd5 Nd7 17. Bxg7 Kxg7 18. Rc1 f6 19. Rc2 Rf7 20. Rfc1 Rb7 21.
b4 a6 22. Rc3 b5 23. Qd4 Nb6 24. g4 hxg4 25. hxg4 Qe8 26. Re3 Re7 27. Re6 Rxe6
28. dxe6 Ra7 29. Bd5 Nxd5 30. Qxa7 Qxe6 31. Qd4 Kh6 32. Kg2 Kg5 33. Kg3 Qe5+
34. Qxe5+ fxe5 35. a3 Nf4 36. Rc2 e4 37. e3 Nd5 38. Rc6 Nf6 39. Rxc7 Nxg4 40.
Rc6 Nh6 41. Rxa6 Nf5+ 42. Kh3 d5 43. Re6 d4 44. exd4 1-0

[Event "2.BLO 1617 SC Forchheim - SK König Plau"]
[Site "?"]
[Date "2016.10.16"]
[Round "2.8"]
[White "Bade, Joern"]
[Black "Pfretzschner, Roland"]
[Result "1-0"]
[WhiteElo "2276"]
[BlackElo "2214"]
[PlyCount "75"]
[EventDate "2016.??.??"]

1. e4 c6 2. d4 d5 3. exd5 cxd5 4. c4 Nf6 5. Nc3 Nc6 6. Bg5 dxc4 7. Bxc4 h6 8.
Be3 e6 9. Nf3 Bd6 10. O-O O-O 11. a3 b6 12. Qe2 Bb7 13. Rfd1 Ne7 14. Ne5 Ned5
15. Nb5 Be7 16. Bd2 a6 17. Nc3 b5 18. Bb3 Qd6 19. Qd3 Nxc3 20. bxc3 Be4 21. Qg3
Kh8 22. Bf4 Qd8 23. Qe3 Bf5 24. d5 Qc8 25. d6 Bd8 26. c4 bxc4 27. Bxc4 Nd7 28.
Rac1 Qb7 29. Be2 Nxe5 30. Bxe5 Bg5 31. f4 Bd8 32. Bf3 Qa7 33. Bd4 Qb8 34. d7
Be7 35. Bxa8 Qxa8 36. Bc5 Bxc5 37. Qxc5 Be4 38. Qxf8+ 1-0

[Event "2.BLO 1617 SK Göggingen - SC Erlangen"]
[Site "?"]
[Date "2016.11.19"]
[Round "3.1"]
[White "Wenninger, Philipp"]
[Black "Rozentalis, Eduardas"]
[Result "0-1"]
[WhiteElo "2342"]
[BlackElo "2573"]
[PlyCount "120"]
[EventDate "2016.??.??"]

1. d4 Nf6 2. c4 e6 3. Nc3 Bb4 4. e3 O-O 5. Nge2 d5 6. a3 Be7 7. cxd5 exd5 8.
Nf4 Re8 9. Bd3 c6 10. O-O Nbd7 11. f3 Nf8 12. Bc2 Ng6 13. e4 Nxf4 14. Bxf4 dxe4
15. fxe4 c5 16. d5 Bd6 17. Qd2 a6 18. Rae1 Be5 19. d6 Bg4 20. Bxe5 Rxe5 21. Qf4
Qxd6 22. Nd5 Bh5 23. Nxf6+ Qxf6 24. Qxf6 gxf6 25. Rxf6 Rae8 26. Kf2 Rd8 27. Ke3
Kg7 28. Rf5 f6 29. Ref1 Bg6 30. Rxf6 Rde8 31. R6f4 R5e6 32. Rd1 R8e7 33. b3 b5
34. h4 Rc7 35. g4 h6 36. h5 Bf7 37. Rf5 b4 38. a4 Rec6 39. Rd2 c4 40. bxc4 Rxc4
41. Bd3 Rc3 42. Ke2 b3 43. Bxa6 Be6 44. Rf4 Rh3 45. Bd3 Rd7 46. e5 Rd5 47. Rb4
Rxe5+ 48. Kf1 Kf6 49. Bc4 Rf3+ 50. Kg2 Rf4 51. Rd6 b2 52. Rxb2 Rxg4+ 53. Kf3
Rxc4 54. Ra6 Kg5 55. Ra7 Bd5+ 56. Kf2 Rf4+ 57. Kg3 Re3+ 58. Kh2 Rh4+ 59. Kg1
Rh1+ 60. Kf2 Rf3+ 0-1

[Event "2.BLO 1617 SK Göggingen - SC Erlangen"]
[Site "?"]
[Date "2016.11.19"]
[Round "3.2"]
[White "Arnaudov, G. Petar"]
[Black "Hilverda, Alexander"]
[Result "1/2-1/2"]
[WhiteElo "2471"]
[BlackElo "2399"]
[PlyCount "121"]
[EventDate "2016.??.??"]

1. Nf3 d5 2. d4 Nf6 3. c4 c6 4. Nc3 dxc4 5. a4 Bf5 6. Ne5 Nbd7 7. Nxc4 Qc7 8.
g3 e5 9. dxe5 Nxe5 10. Bf4 Nfd7 11. Bg2 g5 12. Ne3 gxf4 13. Nxf5 O-O-O 14. Qc2
Kb8 15. O-O fxg3 16. hxg3 h5 17. Rfd1 Ng6 18. Qe4 a5 19. e3 Bb4 20. Na2 Nf6 21.
Qc4 Ne5 22. Qc2 Rxd1+ 23. Rxd1 Rd8 24. Nd4 Be7 25. Nc3 h4 26. gxh4 Nfg4 27. Nf5
Rg8 28. Qe4 Bb4 29. f4 Nd7 30. Qf3 Nc5 31. Na2 Nxa4 32. Nxb4 axb4 33. Qe4 Nxb2
34. Rd2 Na4 35. Qxb4 Nb6 36. Qd4 Nd5 37. Ra2 Qb6 38. Qxb6 Nxb6 39. Kf1 Nc4 40.
Re2 Kc7 41. Bf3 b5 42. h5 b4 43. h6 b3 44. Bxg4 b2 45. Re1 Nd2+ 46. Ke2 b1=Q
47. Rxb1 Nxb1 48. Kd3 Na3 49. Bh5 Rf8 50. Kd4 Kd7 51. Kc5 Nc2 52. Bf3 Ke6 53.
Be4 Ne1 54. Kxc6 Rc8+ 55. Kb7 Rh8 56. Kc7 Kf6 57. Kd7 Ng2 58. Ng7 Nxf4 59. Ne8+
Ke5 60. Nd6 Rxh6 61. Nxf7+ 1/2-1/2

[Event "2.BLO 1617 SK Göggingen - SC Erlangen"]
[Site "?"]
[Date "2016.11.19"]
[Round "3.3"]
[White "Klek, Hanna Marie"]
[Black "Nestorovic, Nikola"]
[Result "1/2-1/2"]
[WhiteElo "2326"]
[BlackElo "2513"]
[PlyCount "91"]
[EventDate "2016.??.??"]

1. e4 e5 2. Bc4 Nf6 3. d3 c6 4. Nf3 d5 5. Bb3 a5 6. a4 Bb4+ 7. c3 Bd6 8. exd5
Nxd5 9. O-O O-O 10. Nbd2 Bc7 11. Ne4 f5 12. Nfg5 h6 13. c4 Nb4 14. c5+ Nd5 15.
Nf3 Be6 16. Nd6 Bxd6 17. cxd6 Qxd6 18. Re1 Nd7 19. Bd2 Rfe8 20. Nh4 Qe7 21. g3
Qf7 22. Bc4 Nc7 23. Qf3 Rf8 24. Bc3 Bxc4 25. dxc4 e4 26. Qe2 Nc5 27. Rf1 b6 28.
f3 Qh5 29. Qe3 N7e6 30. fxe4 f4 31. Qf3 Qxf3 32. Rxf3 fxg3 33. Rxg3 Nxe4 34.
Rg6 Rae8 35. Re1 N4g5 36. Bd2 Rf6 37. Bxg5 Rxg6 38. Nxg6 hxg5 39. Kf2 c5 40.
Re3 Kf7 41. Ne5+ Ke7 42. Kg3 Kf6 43. Nd7+ Kf7 44. Ne5+ Kf6 45. Nd7+ Kf7 46. Re5
1/2-1/2

[Event "2.BLO 1617 SK Göggingen - SC Erlangen"]
[Site "?"]
[Date "2016.11.19"]
[Round "3.4"]
[White "Pitl, Gregory"]
[Black "Miller, Eduard"]
[Result "1-0"]
[WhiteElo "2397"]
[BlackElo "2306"]
[PlyCount "69"]
[EventDate "2016.??.??"]

1. e4 c6 2. d4 d5 3. e5 c5 4. dxc5 Nc6 5. a3 e6 6. Nf3 Bxc5 7. b4 Bb6 8. Bb2 f6
9. Bd3 Nxe5 10. Nxe5 fxe5 11. Qh5+ Kf8 12. Bxe5 Nf6 13. Qe2 Kf7 14. Nd2 Rf8 15.
O-O Kg8 16. c4 a5 17. Rad1 axb4 18. axb4 Ra4 19. b5 Qe7 20. h3 g6 21. Bc2 Ra3
22. Nb1 Ra8 23. Nc3 Qb4 24. cxd5 Nxd5 25. Nxd5 exd5 26. Rxd5 Bc5 27. Rxc5 Qxc5
28. Bb3+ Rf7 29. Bb2 Bd7 30. Rc1 Qxb5 31. Qf3 Qf5 32. Qc3 Qxf2+ 33. Kh1 Kf8 34.
Re1 Be6 35. Bxe6 1-0

[Event "2.BLO 1617 SK Göggingen - SC Erlangen"]
[Site "?"]
[Date "2016.11.19"]
[Round "3.5"]
[White "Merkert, Maximilian"]
[Black "Stankovic, Milos"]
[Result "1/2-1/2"]
[WhiteElo "2229"]
[BlackElo "2376"]
[PlyCount "117"]
[EventDate "2016.??.??"]

1. c4 Nf6 2. g3 g6 3. Bg2 d5 4. cxd5 Nxd5 5. Nc3 Nb6 6. d3 Bg7 7. Be3 Nc6 8.
Rc1 Nd4 9. Qd2 Nf5 10. Bc5 c6 11. Nf3 O-O 12. O-O Nd7 13. Ba3 Re8 14. Rfd1 Qb6
15. Na4 Qa6 16. Qc2 Rb8 17. d4 Nd6 18. Bb4 Nb6 19. Nc5 Qb5 20. Be1 Nd7 21. e4
Qb6 22. a4 Nf8 23. Ne5 Qc7 24. Ncd3 Ne6 25. Nc5 Nxd4 26. Rxd4 Bxe5 27. Rdd1 Bg7
28. b4 b6 29. Nd3 Bb7 30. Bc3 e5 31. Bd2 Qe7 32. f3 Ba6 33. Nb2 c5 34. bxc5
bxc5 35. Be3 Nb7 36. Nc4 Red8 37. Bf1 Qe6 38. Na3 Bxf1 39. Kxf1 Qa6+ 40. Qc4
Qf6 41. Qe2 Rbc8 42. Kg2 Qc6 43. Qb5 Qc7 44. Qa6 Bf8 45. Rxd8 Nxd8 46. Nb5 Qc6
47. Qxc6 Rxc6 48. Nxa7 Ra6 49. Nb5 Rxa4 50. Bxc5 Ra2+ 51. Kg1 Bh6 52. Rb1 Ne6
53. Bf2 Ng5 54. Kg2 Bf8 55. h4 Bc5 56. Rf1 Ne6 57. Kg1 Rb2 58. Bxc5 Nxc5 59.
Nc7 1/2-1/2

[Event "2.BLO 1617 SK Göggingen - SC Erlangen"]
[Site "?"]
[Date "2016.11.19"]
[Round "3.6"]
[White "Schmittdiel, Eckhard"]
[Black "Liepold, Stefan"]
[Result "0-1"]
[WhiteElo "2449"]
[BlackElo "2182"]
[PlyCount "112"]
[EventDate "2016.??.??"]

1. c4 e5 2. e3 Nf6 3. Nc3 Nc6 4. Nf3 Bb4 5. Qc2 O-O 6. Nd5 Re8 7. Ng5 g6 8.
Nxf6+ Qxf6 9. Ne4 Qd8 10. g4 Be7 11. a3 d6 12. Rg1 a5 13. b3 Be6 14. Bb2 Qd7
15. g5 d5 16. cxd5 Qxd5 17. Bc4 Qd7 18. d3 Bxc4 19. Qxc4 Red8 20. Ke2 b5 21.
Qc2 Ra6 22. h4 Qe6 23. Rad1 Nb8 24. Ba1 Rc6 25. Qb2 Nd7 26. f4 Nc5 27. Qxe5
Qxe5 28. Bxe5 Nxb3 29. Nf6+ Bxf6 30. Bxf6 Rd7 31. Kf3 a4 32. Rg2 Kf8 33. d4 Ke8
34. d5 Rc4 35. e4 c5 36. h5 Nd4+ 37. Bxd4 cxd4 38. Rb2 Rb7 39. hxg6 hxg6 40.
Rd3 b4 41. axb4 Rbxb4 42. Ra2 Rc1 43. Ke2 Rh1 44. Rda3 Rb3 45. Kd2 Rh2+ 46. Kc1
Rxa2 47. Rxa2 a3 48. Ra1 Re3 49. Kd2 Rxe4 50. Rxa3 Rxf4 51. Ra4 Rf5 52. Rxd4
Rxg5 53. Kd3 Kd7 54. d6 Re5 55. Kc4 Ra5 56. Rd1 Ra6 0-1